[Event "9th Mikhail Chigorin Memorial"]
[Site "Sochi URS"]
[Date "1973.??.??"]
[Round "1"]
[White "Tal, Mikhail"]
[Black "Rukavina, Josip"]
[WhiteElo "2655"]
[BlackElo "2460"]
[Result "1-0"]
[EventDate "1973.09.01"]
[PlyCount "97"]

1. e4 d6 2. d4 g6 3. Nc3 Bg7 4. Bg5 c6 5. Qd2 b5 6. O-O-O Qa5 7. Kb1 a6 8. Nf3 Be6 9. d5 Bg4 10. dxc6 Bxc3 11. Qxc3 Qxc3 12. bxc3 Nxc6 13. h3 Bxf3 14. gxf3 h6 15. Bc1 Nf6 16. c4 b4 17. Bb2 O-O-O 18. c5 dxc5 19. Bxa6+ Kc7 20. Bc4 Rxd1+ 21. Rxd1 Rd8 22. Rxd8 Nxd8 23. c3 Nd7 24. cxb4 cxb4 25. Kc2 Nc5 26. Bc1 g5 27. Be3 Kb6 28. e5 Nc6 29. f4 f6 30. e6 gxf4 31. Bxf4 Nd4+ 32. Kd2 h5 33. Be3 Nf3+ 34. Ke2 Ng5 35. h4 Nge4 36. Kf3 Kc6 37. Bf4 Nd6 38. Bxd6 Kxd6 39. Kf4 Nxe6+ 40. Bxe6 Kxe6 41. Ke4 f5+ 42. Kd4 f4 43. Kc4 Kf5 44. Kxb4 e5 45. Kc3 Kg4 46. Kd2 Kf3 47. Ke1 Ke4 48. a4 Kd4 49. f3 1-0

[Event "9th Mikhail Chigorin Memorial"]
[Site "Sochi URS"]
[Date "1973.??.??"]
[Round "8"]
[White "Kholmov, Ratmir"]
[Black "Balashov, Yuri"]
[WhiteElo "2550"]
[BlackElo "2560"]
[Result "0-1"]
[EventDate "1973.09.01"]
[PlyCount "87"]

1. Nf3 d6 2. d4 Nf6 3. Nc3 Bf5 4. Bg5 Nbd7 5. Nh4 Bg6 6. Nxg6 hxg6 7. e4 e5 8. f4 Be7 9. g3 c6 10. dxe5 dxe5 11. Qf3 Nh5 12. h4 exf4 13. gxf4 f6 14. O-O-O Qc7 15. Bh3 O-O-O 16. Qg4 fxg5 17. hxg5 Rhf8 18. Rxd7 Rxd7 19. Rd1 Rfd8 20. e5 Bc5 21. Rd3 Be3+ 22. Rxe3 Kb8 23. Qf3 Re7 24. Bg4 Rf8 25. Re4 Ref7 26. Ne2 Qa5 27. b3 Nxf4 28. Kb2 Qd2 29. Qc3 Qxc3+ 30. Nxc3 Re7 31. e6 b5 32. a4 a6 33. axb5 axb5 34. b4 Kc7 35. Kb3 Kd6 36. Rd4+ Nd5 37. Ne2 Rf2 38. c4 bxc4+ 39. Kxc4 Rb7 40. Kb3 c5 41. e7 Kxe7 42. Re4+ Kf8 43. b5 Rxb5+ 44. Kc4 0-1

[Event "9th Mikhail Chigorin Memorial"]
[Site "Sochi URS"]
[Date "1973.??.??"]
[Round "11"]
[White "Filip, Miroslav"]
[Black "Hennings, Artur"]
[WhiteElo "2510"]
[BlackElo "2475"]
[Result "1/2-1/2"]
[EventDate "1973.09.01"]
[PlyCount "100"]

1. c4 e5 2. g3 d6 3. Nc3 g6 4. d4 Bg7 5. Nf3 Nd7 6. Bg2 Nh6 7. O-O O-O 8. e4 f6 9. Rb1 a5 10. Qc2 Nf7 11. Rd1 c6 12. dxe5 dxe5 13. c5 Qe7 14. Na4 Re8 15. Nd2 Nf8 16. Nc4 Bg4 17. f3 Be6 18. Be3 Bh6 19. Bxh6 Nxh6 20. b3 Bxc4 21. Qxc4+ Nf7 22. Qc3 Ne6 23. Bf1 Nd4 24. Kf2 Ng5 25. Bg2 Rf8 26. Re1 h5 27. h4 Nge6 28. Bh3 Kh7 29. Kg2 Nb5 30. Qc4 Ned4 31. Qc1 Rad8 32. Nb6 Rg8 33. Nc4 Qxc5 34. Nxa5 Nc2 35. Rf1 Ne3+ 36. Kh1 Qa7 37. Re1 Qxa5 38. Qxe3 Qxa2 39. Bf1 Qa5 40. b4 Qa7 41. Bxb5 Qxe3 42. Rxe3 cxb5 43. Rc3 Rd2 44. Rc5 Ra8 45. Rxb5 Ra3 46. Rxb7+ Kh6 47. b5 Rxf3 48. b6 Rxg3 49. Rc7 Rgg2 50. b7 Rh2+ 1/2-1/2

[Event "9th Mikhail Chigorin Memorial"]
[Site "Sochi URS"]
[Date "1973.??.??"]
[Round "13"]
[White "Korensky, Valeri"]
[Black "Smejkal, Jan"]
[WhiteElo "2200"]
[BlackElo "2570"]
[Result "0-1"]
[EventDate "1973.09.01"]
[PlyCount "81"]

1. e4 Nf6 2. e5 Nd5 3. d4 d6 4. Nf3 g6 5. Bc4 Nb6 6. Bb3 Bg7 7. Ng5 d5 8. O-O O-O 9. c3 f6 10. exf6 exf6 11. Nf3 Be6 12. Re1 Qd7 13. Bf4 Na6 14. Nbd2 Rae8 15. a4 c6 16. Bc2 Bf7 17. b4 Nc7 18. Nb3 Nc4 19. Nc5 Qc8 20. Nd2 Rxe1+ 21. Qxe1 b6 22. Nxc4 dxc4 23. Bxc7 Re8 24. Ne4 Qxc7 25. Qf1 Qe7 26. a5 Bh6 27. axb6 axb6 28. Qd1 Bd5 29. Ng3 f5 30. h3 Qg5 31. Qb1 Qd2 32. b5 Qxc3 33. bxc6 Bxc6 34. Qd1 Bg7 35. Rc1 Qxd4 36. Qf1 b5 37. Re1 Rxe1 38. Qxe1 Be5 39. Ne2 Qd5 40. f3 Qc5+ 41. Kh1 0-1

[Event "9th Mikhail Chigorin Memorial"]
[Site "Sochi URS"]
[Date "1973.??.??"]
[Round "14"]
[White "Suetin, Alexei"]
[Black "Filip, Miroslav"]
[WhiteElo "2550"]
[BlackElo "2510"]
[Result "1/2-1/2"]
[EventDate "1973.09.01"]
[PlyCount "67"]

1. e4 c6 2. d4 d5 3. Nc3 dxe4 4. Nxe4 Nd7 5. Bc4 Ngf6 6. Ng5 e6 7. Qe2 Nb6 8. Bb3 h6 9. N5f3 c5 10. Bf4 Nbd5 11. Be5 Qa5+ 12. Nd2 cxd4 13. Ngf3 Be7 14. O-O O-O 15. Nxd4 Bd7 16. a3 Qc5 17. c4 Nf4 18. Bxf4 Qxd4 19. Be5 Qh4 20. Bc2 Bc6 21. b4 b6 22. Nb3 Rfd8 23. Rad1 Rac8 24. f3 Ba4 25. Rxd8+ Rxd8 26. Rd1 Rxd1+ 27. Bxd1 Nd7 28. g3 Qh5 29. Bc3 Bf6 30. Bxf6 Nxf6 31. Bc2 Nd7 32. Nd4 Bxc2 33. Nxc2 Qe5 34. Qd1 1/2-1/2